Responses for Show #8358 - Wednesday, March 17, 2021

Champion's winnings & consolation amounts matched to Pancreatic Cancer Dream Team from Stand Up to Cancer.

Contestants

[<< previous game]

Anthony Jones, a certified financial planner from Falls Church, Virginia

Morgan Briles, a librarian from Nacogdoches, Texas

Brendan Sargent, a community organizer originally from Worcester, Massachusetts (whose 1-day cash winnings total $7,600)

[next game >>]

Jeopardy! Round responses

ALL ALLITERATION
NIFTY NOVELS
TERRIFIC TV
POTENT POTABLES
FIVE FACTS
HOPEFUL HISTORY
    $200 18
a due date

Anthony
    $200 6
Pip

Brendan
    $200 1
Maya Rudolph

Brendan
    $200 27
rum

Morgan
    $200 21
San Francisco

Brendan
    $200 26
(Katie: [After the clue selection] Less than a minute.)

the Geneva Convention

Anthony
    $400 10
(Brendan: What is yellow-bellied?)

lily-livered

BrendanMorgan
    $400 7
Outlander

Morgan
    $400 2
Brian Cox

Brendan
    $400 15
Pabst

Brendan
    $400 22
great-grandchildren

Anthony
    $400 12
smallpox

Morgan
    $1,000 11
the passenger pigeon

Morgan
    $600 8
(Morgan: What is vampire slayer?)

vampire hunter

BrendanMorgan
    $600 3
The Good Place

Brendan
    $600 28
tequila

Anthony
    $600 23
Al Capone

Brendan
    $600 13
the Paralympics

Morgan
    $800 19
green goddess

Morgan
    $800 9
Rebecca

Morgan
    $800 4
(Brendan: What is Schitt's Creek?)
[The title given by Brendan was captioned on-screen.]

Catherine O'Hara

Brendan
Triple Stumper
    $800 29
[The end-of-round signal sounds.]

a Hurricane

Brendan
    $800 24
a moray eel

Brendan
    $800 14
trial by jury

Morgan
    $1000 20
West Wind

Triple Stumper
    $1000 16
Cold Mountain

Morgan
    $1000 5
When They See Us

Brendan
    $1000 25
the Hundred Years' War

Anthony
    $1000 17
Carnegie

Brendan

Scores at the first commercial break (after clue 15):

Brendan Morgan Anthony
$2,200 $3,800 $0

Scores at the end of the Jeopardy! Round:

Brendan Morgan Anthony
$5,600 $5,800 $2,400

Double Jeopardy! Round responses

SHELL GAME
THEY GO LOW
'90s NONFICTION
AT THE END OF THE SCARY MOVIE
(Katie: Name the movie.)
EUROPE
LOSING U
    $400 1
mussels

Brendan
    $400 27
miners

Morgan
    $400 10
Howard Stern

Anthony
    $400 16
Alien

Brendan
    $400 6
Berlin

Morgan
    $400 17
[NOTE: The word "pound" was not mentioned.]

pond (from pound)

Brendan
    $800 22
shrimp

Morgan
    $800 26
(Brendan: What is scuba?)

wreck diving

Brendan
Triple Stumper
    $800 11
the '50s

Brendan
    $800 15
[NOTE: Brendan did not include the leading article.]

The Silence of the Lambs

Brendan
    $800 5
Monaco

Anthony
    $800 18
slice (from sluice)

Anthony
    $1200 23
an armadillo

Brendan
    $1200 28
a conductor

Brendan
    $1200 12
Mind

Brendan
    $1200 2
Nightmare on Elm Street

Brendan
    $3,000 7
the Rothschilds

Morgan
    $1200 19
paper (from pauper)

Anthony
    $1600 24
a snapping turtle

Brendan
    $1600 29
a spade

Triple Stumper
    $1600 13
(Anthony: What is Outbreak?)
(Morgan: What is Contagion?)

The Hot Zone

MorganAnthony
Triple Stumper
    $5,000 3
(Brendan: What is... Gremlins?)

Jaws

Brendan
    $1600 8
Gibraltar

Anthony
    $1600 20
[NOTE: The word "route" was not mentioned.]

rote (from route)

Brendan
    $2000 25
nautilus

Morgan
    $2000 30
The Boring Company

Brendan
    $2000 14
McCourt

Brendan
    $2000 4
Misery

Morgan
    $2000 9
Copenhagen

Brendan
    $2000 21
facet (from faucet)

Morgan

Scores at the end of the Double Jeopardy! Round:

Brendan Morgan Anthony
$16,600 $14,800 $5,600

[wagering suggestions for these scores]

Final Jeopardy! Round responses

PRESIDENTIAL ELECTIONS
(Katie: [*] is another word for [**], as you know; Teddy Roosevelt was the head of the [**] Party and Eugene Debs was head of the [***] Party.)
AnthonyWhat are Democratic & Social Democrat
$5,595
MorganWhat Bullmoose Progressive & Socalist
$6,000
BrendanWhat is Bull Moose & Democratic?
$13,001
Bull Moose Progressive & Socialist

Final scores:

Brendan Morgan Anthony
$3,599 $20,800 $5
2nd place: $2,000 New champion: $20,800 3rd place: $1,000

Game dynamics:

Coryat scores:

Brendan Morgan Anthony
$21,600 $12,600 $5,600
26 R,
4 W
(including 1 DD)
17 R
(including 2 DDs),
2 W
10 R,
1 W

Combined Coryat: $39,800

[game clues] [game scores] [suggest correction]

Game tape date: 2021-01-20
The J! Archive is created by fans, for fans. Scraping, republication, monetization, and malicious use prohibited; this site may use cookies and collect identifying information. See terms. The Jeopardy! game show and all elements thereof, including but not limited to copyright and trademark thereto, are the property of Jeopardy Productions, Inc. and are protected under law. This website is not affiliated with, sponsored by, or operated by Jeopardy Productions, Inc. Join the discussion at JBoard.tv.